Normal view
MARC view
- Premaletha T
Entry Personal Name
001 - CONTROL NUMBER
- control field: 215629
003 - CONTROL NUMBER IDENTIFIER
- control field: OSt
005 - DATE AND TIME OF LATEST TRANSACTION
- control field: 20251202123507.0
008 - FIXED-LENGTH DATA ELEMENTS
- fixed length control field: 251202|| aca||aabn | a|a d
040 ## - CATALOGING SOURCE
- Original cataloging agency: OSt
- Transcribing agency: OSt
100 ## - HEADING--PERSONAL NAME
- Personal name: Premaletha T
670 ## - SOURCE DATA FOUND
- Source citation: Work cat.: (OSt)369242: Premaletha T., Neonatal Nursing, 2023